000 01493nam a2200337Ia 4500
001 ebr10178007
003 CaPaEBR
006 m u
007 cr cn|||||||||
008 060118s2006 enk sb 001 0 eng d
020 _z1845111419 (hbk.)
040 _aCaPaEBR
_cCaPaEBR
035 _a(OCoLC)213304420
050 1 4 _aDR576
_b.T864 2006eb
082 0 4 _a320.5409561
_222
245 0 0 _aTurkey beyond nationalism
_h[electronic resource] :
_btowards post-nationalist identities /
_cedited by Hans-Lukas Kieser.
260 _aLondon ;
_aNew York :
_bI.B. Tauris ;
_aNew York :
_bDistributed in the USA by Palgrave Macmillan,
_c2006.
300 _axvii, 242 p.
490 1 _aInternational library of twentieth century history ;
_v8
504 _aIncludes bibliographical references and index.
533 _aElectronic reproduction.
_bPalo Alto, Calif. :
_cebrary,
_d2009.
_nAvailable via World Wide Web.
_nAccess may be limited to ebrary affiliated libraries.
650 0 _aNationalism
_zTurkey
_xHistory
_y20th century.
651 0 _aTurkey
_xPolitics and government
_y1909-
651 0 _aTurkey
_xHistory
_y20th century.
651 0 _aTurkey
_xCivilization
_y20th century.
655 7 _aElectronic books.
_2local
700 1 _aKieser, Hans-Lukas.
710 2 _aebrary, Inc.
830 0 _aInternational library of twentieth century history ;
_v8.
856 4 0 _uhttp://site.ebrary.com/lib/rucke/Doc?id=10178007
_zAn electronic book accessible through the World Wide Web; click to view
999 _c140578
_d140578